Operations research / (Record no. 24328)

MARC details
000 -LEADER
fixed length control field 00488nam a22001817a 4500
020 ## - INTERNATIONAL STANDARD BOOK NUMBER
ISBN 9788131516256
041 ## - LANGUAGE CODE
Language code of text/sound track or separate title English
082 ## - DEWEY DECIMAL CLASSIFICATION NUMBER
Classification number 658.4034
Item number DUR
100 ## - MAIN ENTRY--AUTHOR NAME
Author name Durga Prasad, M. V.
245 ## - TITLE STATEMENT
Title Operations research /
Statement of responsibility, etc M. V. Durga Prasad.
260 ## - PUBLICATION, DISTRIBUTION, ETC. (IMPRINT)
Place of publication Delhi :
Name of publisher Cengage ,
Year of publication 2012 .
300 ## - PHYSICAL DESCRIPTION
Number of Pages xii, 439 pages :
Other physical details Illustrations;
Dimensions 24 cm.
504 ## - BIBLIOGRAPHY, ETC. NOTE
Bibliography, etc Include index.
650 ## - SUBJECT ADDED ENTRY--TOPICAL TERM
Subject Decision making
650 ## - SUBJECT ADDED ENTRY--TOPICAL TERM
Subject Mathematical optimization
942 ## - ADDED ENTRY ELEMENTS (KOHA)
Source of classification or shelving scheme Dewey Decimal Classification
Koha item type Books
Holdings
Withdrawn status Lost status Source of classification or shelving scheme Damaged status Not for loan Home library Current library Shelving location Date acquired Source of acquisition Cost, normal purchase price Full call number Accession Number Price effective from Koha item type
    Dewey Decimal Classification     Institute of Public Enterprise, Library Institute of Public Enterprise, Library S Campus 05/02/2026 Gifted by S. Sathish Kumar 1355.00 658.4034 DUR 51046 05/02/2026 Books

Maintained and Designed by
2cqr automation private limited, Chennai. All Rights Reserved.

You are Visitor Number

PHP Hits Count